<?xml version="1.0" encoding="UTF-8"?>
<record
    xmlns:xsi="http://www.w3.org/2001/XMLSchema-instance"
    xsi:schemaLocation="http://www.loc.gov/MARC21/slim http://www.loc.gov/standards/marcxml/schema/MARC21slim.xsd"
    xmlns="http://www.loc.gov/MARC21/slim">

  <leader>01136nam0a22003131  4500</leader>
  <controlfield tag="001">RU\INFOCOMM_318\NLR\5000071510</controlfield>
  <controlfield tag="005">20250613102422.0</controlfield>
  <datafield tag="035" ind1=" " ind2=" ">
    <subfield code="a">(NLR Aleph) 009443106</subfield>
  </datafield>
  <datafield tag="090" ind1=" " ind2=" ">
    <subfield code="a">8357431</subfield>
    <subfield code="c">8357431</subfield>
  </datafield>
  <datafield tag="100" ind1=" " ind2=" ">
    <subfield code="a">20121126d1979    |||y0rusy50      ca</subfield>
  </datafield>
  <datafield tag="101" ind1="1" ind2=" ">
    <subfield code="a">ger</subfield>
    <subfield code="c">rus</subfield>
  </datafield>
  <datafield tag="102" ind1=" " ind2=" ">
    <subfield code="a">RU</subfield>
  </datafield>
  <datafield tag="105" ind1=" " ind2=" ">
    <subfield code="a">y   z   |||||</subfield>
  </datafield>
  <datafield tag="200" ind1="1" ind2=" ">
    <subfield code="a">Die Dialektik des Abstrakten und Konkreten im "Kapital" von Karl Marx</subfield>
    <subfield code="f">E. W. Iljenkow</subfield>
    <subfield code="g">[&#xDC;bers. aus dem Russ.: L. Gurwitsch]</subfield>
  </datafield>
  <datafield tag="210" ind1=" " ind2=" ">
    <subfield code="a">M.</subfield>
    <subfield code="c">Progress</subfield>
    <subfield code="d">1979</subfield>
  </datafield>
  <datafield tag="215" ind1=" " ind2=" ">
    <subfield code="a">294 &#x441;.</subfield>
    <subfield code="d">22 &#x441;&#x43C;</subfield>
  </datafield>
  <datafield tag="300" ind1=" " ind2=" ">
    <subfield code="a">"Originaltitel: "&#x414;&#x438;&#x430;&#x43B;&#x435;&#x43A;&#x442;&#x438;&#x43A;&#x430; &#x430;&#x431;&#x441;&#x442;&#x440;&#x430;&#x43A;&#x442;&#x43D;&#x43E;&#x433;&#x43E; &#x438; &#x43A;&#x43E;&#x43D;&#x43A;&#x440;&#x435;&#x442;&#x43D;&#x43E;&#x433;&#x43E; &#x432; "&#x41A;&#x430;&#x43F;&#x438;&#x442;&#x430;&#x43B;&#x435;" &#x41C;&#x430;&#x440;&#x43A;&#x441;&#x430;" / &#x42D;. &#x412;. &#x418;&#x43B;&#x44C;&#x435;&#x43D;&#x43A;&#x43E;&#x432;"</subfield>
  </datafield>
  <datafield tag="500" ind1="1" ind2="0">
    <subfield code="6">z02702</subfield>
    <subfield code="a">Das Kapital</subfield>
  </datafield>
  <datafield tag="620" ind1=" " ind2=" ">
    <subfield code="a">&#x41C;&#x43E;&#x441;&#x43A;&#x432;&#x430;</subfield>
  </datafield>
  <datafield tag="686" ind1=" " ind2=" ">
    <subfield code="a">&#x410;513.72</subfield>
    <subfield code="2">rubbk</subfield>
  </datafield>
  <datafield tag="686" ind1=" " ind2=" ">
    <subfield code="a">&#x410;193.6"&#x41A;&#x430;&#x43F;&#x438;&#x442;&#x430;&#x43B;"</subfield>
    <subfield code="2">rubbk</subfield>
  </datafield>
  <datafield tag="700" ind1=" " ind2="1">
    <subfield code="9">z01790</subfield>
    <subfield code="a">Il'enkov</subfield>
    <subfield code="b">E. V.</subfield>
    <subfield code="f">1924-1979</subfield>
    <subfield code="g">&#xC9;val'd Vasil'evi&#x10D;</subfield>
  </datafield>
  <datafield tag="702" ind1=" " ind2="1">
    <subfield code="6">z02500</subfield>
    <subfield code="a">Marx</subfield>
    <subfield code="b">K.</subfield>
    <subfield code="f">1818-1883</subfield>
    <subfield code="g">Karl</subfield>
    <subfield code="4">570</subfield>
  </datafield>
  <datafield tag="790" ind1=" " ind2="1">
    <subfield code="9">z01700</subfield>
    <subfield code="a">Iljenkow</subfield>
    <subfield code="b">E. W.</subfield>
    <subfield code="4">070</subfield>
  </datafield>
  <datafield tag="801" ind1=" " ind2="1">
    <subfield code="a">RU</subfield>
    <subfield code="b">NLR</subfield>
    <subfield code="c">20121126</subfield>
  </datafield>
  <datafield tag="801" ind1=" " ind2="0">
    <subfield code="a">RU</subfield>
    <subfield code="b">INFOCOMM</subfield>
    <subfield code="g">PSBO</subfield>
  </datafield>
  <datafield tag="852" ind1=" " ind2=" ">
    <subfield code="a">NLR</subfield>
    <subfield code="j">&#x41C;21 &#x414;-5/53</subfield>
  </datafield>
  <datafield tag="942" ind1=" " ind2=" ">
    <subfield code="c">BOOK</subfield>
  </datafield>
  <datafield tag="980" ind1=" " ind2=" ">
    <subfield code="a">NB</subfield>
  </datafield>
  <datafield tag="995" ind1=" " ind2=" ">
    <subfield code="5">2013-10-26</subfield>
    <subfield code="b">NLR01</subfield>
    <subfield code="c">NLR01</subfield>
    <subfield code="e">IF</subfield>
    <subfield code="f">9443106-10</subfield>
    <subfield code="k">&#x41C;21 &#x414;-5/53</subfield>
    <subfield code="o">0</subfield>
    <subfield code="r">BOOK</subfield>
    <subfield code="s">21_553</subfield>
  </datafield>
</record>
